IV. zjazd Slovenského zväzu spotrebných družstiev Bratislava 20.-21. novembra 1982

Bibliographic Details
Format: Book
Language:Slovak
PhysicalDescription:239 s. fotografie 22 cm
Published: Bratislava S.l. Svépomoc t. [vyd.] 1983
Edition:1. vyd.
Subjects:

MARC

LEADER 00000cam a2200000 a 4500
001 vtls001117978
003 SK-MaSNL
005 20260302031117.0
008 240226s1983 xo o gr 000 0 slo
015 |a SNBA1984/04 
020 |q (brožované) 
035 |a SNK000060821 
035 |a BE0FE465-FD15-4545-8600-C559C1F7417E 
035 |a urn:nbn:sk:snk-am00igx7 
040 |a SNK  |b slo  |c SNK  |e AACR2 
041 0 |a slo 
044 |a xo  |c SK 
072 7 |a 005  |x Manažment. Riadenie  |2 konspekt 
080 |a 005.745  |2 2011 
080 |a (042.5)  |2 2011 
245 0 0 |a IV. zjazd Slovenského zväzu spotrebných družstiev  |b Bratislava 20.-21. novembra 1982  |c Slovenský zväz spotrebných družstiev 
246 3 |a Štvrtý zjazd Slovenského zväzu spotrebných družstiev 
250 |a 1. vyd. 
260 |a Bratislava  |b Svépomoc  |a S.l.  |b t. [vyd.]  |c 1983  |e Nitra  |f Nitrianske tlačiarne 
300 |a 239 s.  |b fotografie  |c 22 cm 
366 |e 1000 výtl. 
500 |a Náz. na tit. liste: 4. zjazd... Pre vnútornú potrebu SZSD. 
610 2 7 |a Slovenský zväz spotrebných družstiev  |2 SNKKA  |9 271751 
650 0 7 |a kongresy  |2 SNKPH  |9 19200 
650 0 7 |a Congresses  |2 SNKPHeng  |9 309747 
655 7 |a prejavy  |2 SNKPH  |9 70401 
655 7 |a Speeches  |2 SNKPHeng  |9 275814 
852 |a Slovenská národná knižnica 
954 |a iná literatúra (príručky, kuchárske knihy, hobby literatúra, sprievodcovia) pôvodná (slovenská)  |2 lita 
958 |a OND 
958 |a EUIPO 
999 |c 1050813  |d 1052743 
952 |a SNK  |b SNK  |y VYP  |7 0  |p 17A0560052  |o snkSC 57864 D1  |i snkKSP 348/84  |3 rekatalogizácia  |0 0  |1 0  |4 0  |d 2007-09-10  |l 0  |r 2026-02-24 14:56:36  |w 2026-02-24 
952 |a SNK  |b SNK  |y PREZ  |7 0  |p 17A0801233  |o snkSC 57864  |i snkKSP 347/84  |0 0  |1 0  |4 0  |d 2012-08-15  |f 1  |l 0  |r 2025-06-03 00:00:00  |w 2026-02-24